| 000 | 00496nam a22001937a 4500 | ||
|---|---|---|---|
| 003 | URS | ||
| 005 | 20250828100456.0 | ||
| 008 | 250327b ||||| |||| 00| 0 eng d | ||
| 040 | _cURS | ||
| 050 |
_aHN17.5 _b.E37 1989 |
||
| 100 |
_911825 _aEitzen, D. Stanley |
||
| 245 | _aSocial Problems | ||
| 264 |
_aBoston _bAllyn and Bacon _c©1980 |
||
| 336 |
_2rdacontent _atext |
||
| 337 |
_2rdamedia _aunmediated |
||
| 338 |
_2rdacarrier _avolume |
||
| 650 | 0 |
_93889 _aSocial problems |
|
| 942 |
_2lcc _cCR |
||
| 999 |
_c84760 _d84758 |
||